| 000 | 01028nam a2200289 a 4500 | ||
|---|---|---|---|
| 001 | 17048 | ||
| 003 | BD-RjUL | ||
| 005 | 20211209000100.0 | ||
| 008 | 140216t1960 nyu b 000 0 eng d | ||
| 020 | _a0156967553 | ||
| 035 | _a(BD-RjUL)17105 | ||
| 040 |
_aFUG _cFUG _beng _dBD-RjUL |
||
| 041 | _aeng | ||
| 082 | 0 | 4 |
_a813.52 _bWIL 1960 |
| 090 |
_aPS3511.A86 _bZ8 1963b |
||
| 245 | 0 | 0 |
_aWilliam Faulkner, three decades of criticism / _cedited, with an introduction and bibliography by Frederick J. Hoffman and Olga W. Vickery. |
| 260 |
_aNew York : _bMichigan state university, _c c1960. |
||
| 300 |
_axi, 428 p. ; _c21 cm. |
||
| 500 | _a"A Harvest/HBJ book" | ||
| 500 | _aReprint. First published: Michigan State Univeristy Press, 1960. | ||
| 504 | _aBibliography: p. 393-428. | ||
| 600 | 1 | 0 |
_aFaulkner, William, _d1897-1962. _952604 |
| 600 | 1 | 0 |
_aFaulkner, William, _d1897-1962 _xCriticism and interpretation. _952588 |
| 700 | 1 |
_aHoffman, Frederick John. _952589 |
|
| 700 | 1 |
_aVickery, Olga W. _952590 |
|
| 942 |
_2ddc _cBK |
||
| 999 |
_c17048 _d17048 |
||